000 00758nmc a2200277 a 4500
003 AR-BaBNM
005 20251128211605.0
008 154120s2000 ||||||||||||||000 | spa||
020 _a950-739-911-9
040 _cAR-BaBNM
100 1 _aGrau, Silvia
245 1 0 _aCristóbal Colón para jóvenes principiantes
260 _aBuenos Aires
_bErrepar
_c2000
300 _a96 p.
_bil.
490 0 _aPara jóvenes principiantes
_vv. 13
650 4 _aBIOGRAFIAS
650 4 _aLITERATURA INFANTIL
650 4 _aDESCUBRIMIENTOS GEOGRAFICOS
650 4 _aCONQUISTA DE AMERICA
653 _aHISTORIETAS
655 _aBIOGRAFIAS
700 1 _aZoppi, Eugenio
_eilustrador
800 1 _aKreimer, Juan Carlos
_edirector
942 _cBK
998 _cEugenia
999 _c20334
_d20334